000 00502nam a2200169Ia 4500
003 OSt
005 20210907124709.0
008 190216s9999||||xx |||||||||||||| ||und||
040 _coclc
082 _a492.75
_bALD/K
100 _aAl Darsheri, Abd Rahman Muhammed
_98799
245 0 _aKithabul Meezan /
_cAbd Rahman Muhammed Al Darsheri
260 _bAl Huda Book Stall,
_aKozhikode:
_c2004.
300 _a23p
650 _aArabic
942 _cBK
_2ddc
_h492.75
_iALD/K
_k492.75
_mALD/K
999 _c803
_d803